|
|
|
|
| LEADER |
00000nam0a2200000 4500 |
| 001 |
207260 |
| 005 |
20231101225404.0 |
| 010 |
|
|
|a 9785912590269
|
| 035 |
|
|
|a (RuTPU)RU\TPU\book\226056
|
| 090 |
|
|
|a 207260
|
| 100 |
|
|
|a 20120123d2010 km y0rusy50 ca
|
| 101 |
0 |
|
|a rus
|
| 102 |
|
|
|a RU
|
| 105 |
|
|
|a a z 001zy
|
| 200 |
1 |
|
|a Каталитические процессы получения углеводородов разветвленного строения. Изомерия и катализ синтеза углеводородов разветвленного строения
|f П. Н. Боруцкий
|
| 210 |
|
|
|a Москва
|c Профессионал
|d 2010
|
| 215 |
|
|
|a 728 с.
|c ил.
|
| 320 |
|
|
|a Библиогр. в конце гл.
|
| 320 |
|
|
|a Предметный указатель: с. 725-743.
|
| 330 |
|
|
|a В книге рассмотрены свойства и каталитические превращения углеводородов на оксидных и металлсодержащих катализаторах с получением продуктов разветвленного строения. Наряду с общими свойствами, присущими углеводородам различных классов: алканам, циклоалканам, алкенам и аренам, углеводороды, имеющие разветвленное строение углеродных цепочек или ал-кильных заместителей у нафтеновых или ароматических колец, имеют много принципиальных отличий от углеводородов, обладающих нормальным или «линейным» строением. Эти отличия, в большинстве случаев, оказываются принципиальными для использования углеводородов с различной степенью разветвления молекул в качестве ценных компонентов топлив, масел, а также многих нефтехимических продуктов. Рассмотрены реакции изомеризации углеродного скелета, протекающие без изменения молекулярной массы, а также реакции алкилирования и олигомеризации. при которых число атомов углерода в молекулах продуктов увеличивается. Для таких реакций описаны каталитические системы в основном кислотного характера. Реакции гидро- и дегидроизомеризации, приводящие к образованию парафиновых, нафтеновых и ароматических углеводородов разветвленного строения, например в процессе каталитического риформинга, представлены на примере как оксидных, так и металлсодержащих катализаторов. Описаны основные особенности различных каталитических систем, строение активных центров, взаимодействие металлов, в частности, платины, с носителем, углеводородами, водородом, каталитическими ядами. Изложены химические и стерические аспекты действия катализаторов различного типа для процессов получения углеводородов разветвленного строения. Рассмотрены основные аспекты катализа при синтезе таких углеводородов.
|
| 606 |
1 |
|
|a Углеводороды
|x Превращения каталитические
|2 stltpush
|3 (RuTPU)RU\TPU\subj\32448
|9 54996
|
| 610 |
1 |
|
|a изомерия
|
| 610 |
1 |
|
|a распространение
|
| 610 |
1 |
|
|a синтез
|
| 610 |
1 |
|
|a физико-химические свойства
|
| 610 |
1 |
|
|a разветвленные углеводороды
|
| 610 |
1 |
|
|a кислотно-основной катализ
|
| 610 |
1 |
|
|a переходные металлы
|
| 610 |
1 |
|
|a катализ
|
| 610 |
1 |
|
|a оксидные катализаторы
|
| 610 |
1 |
|
|a металлосодержащие материалы
|
| 675 |
|
|
|a 661.715
|v 3
|
| 700 |
|
1 |
|a Боруцкий
|b П. Н.
|g Павел Николаевич
|
| 801 |
|
1 |
|a RU
|b 63413507
|c 20120123
|
| 801 |
|
2 |
|a RU
|b 63413507
|c 20141203
|g RCR
|
| 942 |
|
|
|c BK
|
| 959 |
|
|
|a 2/20120123
|d 1
|e 4400,00
|f ЧЗТЛ:1
|